La inmunología en el diagnóstico clínico / (Registro nro. 37844)

Detalles MARC
000 -Líder
Campo de control de longitud fija 03649cam a2200385 a 4500
001 - Número de control
Número de control 991015592609707486
005 - Fecha y Hora de Actualización
Campo de control 20251027152930.0
008 - Longitud Fija
Campo de control de longitud fija 941014s1994 ck r 00010 spa d
020 ## - International Standard Book Number
Número Internacional Estándar del Libro 9589176240
040 ## - Fuente de Catalogación
Centro catalogador/agencia de origen la
Agencia transcriptora la
Idiona de catalogación Español
Norma de descripción rda
041 0# - Idioma
Código de idioma del texto/banda sonora o título independiente Español
043 ## - GEOGRAPHIC AREA CODE
Geographic area code s-ck---
100 ## - Autor Personal
Nombre de persona Fiorentino Gómez, Susana
9 (RLIN) 840
245 03 - Título Propiamente Dicho
Título La inmunología en el diagnóstico clínico /
Mención de responsabilidad, etc. Susana Fiorentino Gómez ... [et al.].
264 ## - Pie de Imprenta
Producción, publicación, distribución, fabricación y copyright Bogotá :
Nombre del de productor, editor, distribuidor, fabricante Centro editorial Javeriano ;
Fecha de producción, publicación, distribución, fabricación o copyright 1994.
300 ## - Descripción Física
Extensión 207 páginas ;
Ilustraciones contiene ilustraciones, gráficos, tablas. :
Dimensiones 24cm.
336 ## - Tipo de Contenido
Fuente rdacontent
Término de tipo de contenido texto
Código de tipo de contenido texto
337 ## - Tipo de Mediación
Fuente rdamedia
Nombre/término del tipo de medio no mediado
Código del tipo de medio no mediado
338 ## - Tipo de Portador
Fuente rdacarrier
Nombre/término del tipo de soporte volumen
Código del tipo de soporte volumen
490 ## - Serie
Mención de serie Colección textos y manuales
9 (RLIN) 841
505 ## - Nota de Contenido
Nota de Bibliografía Índice: Capítulo I -- Introducción al laboratorio de inmunología. -- 1.1. Introducción al laboratorio de inmunología. -- 1.2. Preparación de concentraciones y diluciones. -- Ejercicios prácticos. -- Capítulo II Antígenos. -- 2.1. Generalidades. -- 2.2. inmunización y uso de los adyuvantes. -- 2.3. Ejercicios prácticos. -- Capítulo III Anticuerpos -- 3.1. Anticuerpos. -- 3.2. Análisis cualitativo de los anticuerpos. -- 3.3. Análisis cuantitativo de los anticuerpos. - 3.4. Antisueros policlonales y monoclonales. -- 3.5. Ejercicios prácticos. -- Capítulo IV Reacciones antígenos - anticuerpo: interacción primaria. -- 4.1. Reacciones antígenos - anticuerpos : Interacción primaria. -- 4.2. Reacciones de interacción primaria. -- 4.3. Ejercicios prácticos. -- Capítulo 5. Reacciones antígeno - anticuerpo: Interacción secundaria-- 5.1. Reacciones antígeno - anticuerpo: Interacción secundaria -- 5.2. Ejercicios prácticos. -- Capítulo VI El complemento. -- 6.1 El complemento. -- 6.2. Ejercicios prácticos. -- Capítulo VII Métodos de estudio de la inmunidad celular. -- 7.1. Métodos de estudio de la inmunidad celular. -- 7.2. Pruebas cutáneas. -- 7.3. Ejercicios prácticos. -- Capítulo VIII El laboratorio en inmunología. -- 8.1 El laboratorio en inmunología. -- 8.2Ejercicios prácticos. -- Anexos
520 ## - Nota de Resumen
Resumen, Sumario, etc. El libro La inmunología en el diagnóstico clínico presenta una visión integral de los fundamentos inmunológicos aplicados a la práctica médica y al laboratorio clínico. Las autoras, Susana Fiorentino Gómez, María Fernanda Gutiérrez Fernández, Nelly Susana Rueda Ardila y Jairo Antonio Rodríguez Rodríguez, explican los principios básicos del sistema inmunitario, sus componentes celulares y humorales, así como los mecanismos de respuesta frente a agentes infecciosos y enfermedades autoinmunes. La obra enfatiza la utilidad de las técnicas inmunológicas en el diagnóstico de patologías, el control de calidad en los laboratorios y la interpretación de pruebas serológicas, moleculares y de inmunodiagnóstico. Con un enfoque didáctico y ejemplos clínicos, el texto constituye una herramienta esencial para estudiantes y profesionales de áreas biomédicas interesados en comprender la aplicación práctica de la inmunología en el diagnóstico clínico.
700 1# - Coautor personal
Nombre de persona Fiorentino Gómez, Susana.
700 ## - Coautor personal
Nombre de persona Gutiérrez Fernández, María Fernanda
9 (RLIN) 842
700 ## - Coautor personal
Nombre de persona Rueda Ardila, Nelly Susana
9 (RLIN) 843
700 ## - Coautor personal
Nombre de persona Rodríguez Rodríguez, Jairo Antonio
Término indicativo de función/relación autor
9 (RLIN) 844
082 04 - Clasificación Decimal Dewey
Número de clasificación 615.37 /
Clave de autor F518i
650 #7 - Materia General
Topical term or geographic name entry element Inmunología.
Fuente del encabezamiento o término BLAAUTO
650 #0 - Materia General
Topical term or geographic name entry element Inmunodiagnóstico
9 (RLIN) 845
650 #0 - Materia General
Topical term or geographic name entry element Enfermedades inmunológicas
9 (RLIN) 846
650 #0 - Materia General
Topical term or geographic name entry element Pruebas inmunológicas en medicina
9 (RLIN) 847
650 #0 - Materia General
Topical term or geographic name entry element Inmunología médica
9 (RLIN) 848
650 #0 - Materia General
Topical term or geographic name entry element Diagnóstico de laboratorio
9 (RLIN) 849
942 ## - Punto de Acceso Adicional Koha
Tipo de ítem Koha Libro general
Suprimir en OPAC No
Existencias
Estatus retirado Lost status Fuente del sistema de clasificación o colocación Damaged status No para préstamo Colección Biblioteca de origen Biblioteca actual Fecha de adquisición Forma de adquisición Total de préstamos Signatura topográfica completa Código de barras Fecha última vez visto Price effective from Tipo de ítem Koha
    Clasificación Decimal Dewey     General Biblioteca Uniagraria Biblioteca Uniagraria 27/10/2025 Donación   615.37/ F518i 0100030395 27/10/2025 27/10/2025 Libro general